[Event "Dos Hermanas"]
[Site "Dos Hermanas"]
[Date "1997.04.04"]
[Round "3"]
[White "Kramnik, Vladimir"]
[Black "Karpov, Anatoly"]
[Result "1-0"]
[WhiteElo "2740"]
[BlackElo "2760"]
[Annotator "Kramnik,V"]
[PlyCount "69"]
[EventDate "1997.04.01"]
[EventType "tourn"]
[EventRounds "9"]
[EventCountry "ESP"]
[EventCategory "19"]
[SourceTitle "CBM 059"]
[Source "ChessBase"]
[SourceDate "1997.08.01"]
[SourceVersion "1"]
[SourceVersionDate "1997.08.01"]
[SourceQuality "1"]

1. Nf3 {Ftacnik} Nf6 2. c4 e6 3. Nc3 Bb4 4. Qc2 O-O 5. a3 Bxc3 6. Qxc3 b6 7. b4
(7. g3 Bb7 8. Bg2 c5 9. b4 d6 10. O-O Nbd7 11. Bb2 Qe7 12. d3 Rfc8 13. b5 $5 {
Kramnik-Illescas/Dos Hermanas (5)/1997/CBM 59/}) 7... Bb7 8. Bb2 d6 9. e3 Nbd7
10. d4 (10. Be2) 10... Ne4 11. Qb3 $5 $146 (11. Qc2) 11... a5 (11... f5 12. Be2
Qe7 13. O-O Rae8 14. d5 $5) 12. Be2 axb4 13. axb4 Rxa1+ 14. Bxa1 Ndf6 (14...
Ng5 15. d5 $1 Nxf3+ (15... exd5 16. cxd5 Qa8 17. Qc3 Nxf3+ 18. gxf3 f6 19. O-O
c5 20. dxc6 Bxc6 21. e4 d5 22. b5 Bb7 23. Qc7 Rf7 24. Bd4 {1-0 Wedberg,
T-Akesson,R/Gausdal Int (06)/1982 (35)}) 16. Bxf3 $14 (16. Bxf3 {Ftacnik} e5
17. e4 Qe7 18. O-O Bc8 19. Bb2 Nf6 20. Ra1 Bg4 21. Bxg4 Nxg4 22. h3 Nf6 23. Bc1
Ne8 24. Qd3 g6 25. Ra8 {1-0 Mohr,S-Barbero,G/Budapest Compack/1988 (41)})) (
14... b5 $6 {Ftacnik} 15. cxb5 Ng5 16. Qc3 $1 Nxf3+ 17. gxf3 f5 18. d5 e5 19.
f4 $8 (19. e4 $2 f4 {/\ Nb6-/+ >< Ba1}) 19... Bxd5 20. Rg1 Rf7 21. Bb2 $14 {
1/2-1/2 Nogueiras,J-Georgiev,Ki/Leningrad/1987 (50) <-> g, /^ a1- h8}) 15. O-O
Qd7 16. b5 Ra8 17. Bb2 c6 $2 (17... Qd8 {/\18... Ra7, 19... Qa8}) (17... Qd8 {
Ftacnik} 18. Qc2 Ra2 19. Ne1 Nd7 20. f3 Qg5 21. fxe4 Qxe3+ 22. Rf2 Bxe4 23. Qc3
Qxc3 24. Bxc3 Ra3 {1/2-1/2 Chekhov,V-Garcia Gonzales,G/Potsdam (10)/1985 (30)})
18. bxc6 Qxc6 {/\19... Nd2} 19. Rc1 $1 Nd7 (19... Nd2 20. Qb4 $16 (20. Qd3 $14
{Ftacnik})) (19... Ng4 20. d5 $1 Qc7 (20... exd5 21. cxd5 Qxd5 22. Bc4 Qf5 23.
Qxb6 Bd5 24. Qd4 Ngf6 25. Bd3 $16) (20... Qc8 21. Rf1 $1 (21. dxe6 {Ftacnik}
fxe6 22. Rf1 $14) 21... Qc7 22. Nd4 $1 $16 Nd2 $2 23. Qc3 $1 Nxf1 24. Nb5 $18)
21. dxe6 fxe6 (21... Ngxf2 22. exf7+ Qxf7 23. Qxb6 $18) 22. c5 $1 Nxc5 (22...
Bd5 23. Qxb6 $16) 23. Rxc5 $1 dxc5 24. Qxe6+ Kh8 25. Qxg4 Ra2 26. Qe6 $18) 20.
Ne1 Qa4 (20... d5 {Ftacnik} 21. cxd5 Qxd5 22. Qxd5 Bxd5 23. Nd3 $14) 21. Qxa4
Rxa4 22. f3 Nef6 (22... Ra2 {Ftacnik} 23. Rc2 Nef6 24. e4 $14) 23. Bd1 $1 (23.
Ra1 Rxa1 24. Bxa1 Ba6 $14) 23... Ra2 (23... Ra7 {Ftacnik} 24. Nd3 h6 25. e4 $14
) 24. Nd3 Kf8 25. Bb3 Ra8 26. e4 Nb8 (26... Ke7 {Ftacnik} 27. Kf2 $14) 27. c5
$5 {Instructive moment, black pieces are badly coordinated for the opening of
the position. Ein instruktiver Augenblick, schwarze Figuren sind schlecht
koordiniert fur die Stellungseroffnung.} (27. Kf2 Nc6 28. Ke3 Na5 29. Ba2 $16)
(27. e5 {Ftacnik} dxe5 28. Nxe5 Nc6 $14) 27... bxc5 (27... dxc5 {Ftacnik} 28.
dxc5 Nfd7 29. cxb6 Nxb6 30. Rc7 $16) 28. dxc5 dxc5 (28... d5 $2 {Ftacnik} 29.
Bxf6 gxf6 30. exd5 Bxd5 (30... exd5 31. Nb4 $18) 31. Bxd5 exd5 32. Nb4 $18) 29.
Nxc5 Bc8 (29... Bc6 30. g4 $5 $36 {/\g4-g5}) 30. e5 $1 Ne8 $2 {[#]} (30... Nd5
31. Bxd5 (31. Rd1 {Ftacnik} Nb6 $14) 31... exd5 32. Nd3 $5 $16) (30... Nfd7 {
Ftacnik} 31. Nxe6+ fxe6 32. Rxc8+ $18) 31. Ba4 $1 {/\32.Ba3; 32.Rd1} Nc7 (31...
f5 {Ftacnik} 32. Rd1 (32. exf6 Nxf6 33. Bb3 $16) 32... Na6 33. Bc6 Rb8 34. Ba3
Nxc5 35. Bxc5+ Kf7 36. Rd8 Nc7 37. Bd6 $18) (31... g6 {Ftacnik} 32. Rd1 Na6 33.
Bc6 Rb8 34. Ba3 $18) 32. Ba3 Kg8 33. Ne4 $1 Rxa4 (33... Nba6 34. Bd6 (34. Bc6 {
Ftacnik} Rb8 35. Rd1 $16) 34... Ra7 (34... Nd5 35. Bc6) (34... Bb7 35. Bxc7
Bxe4 (35... Rc8 36. Nd6) 36. fxe4 Rc8 37. Bb5 $1 Rxc7 (37... Nxc7 38. Bd7) 38.
Rd1 $1 $18) 35. Bb5 $1 $18 {/\36.B:a6+-}) (33... Ra7 {Ftacnik} 34. Bd6 Rxa4 35.
Rxc7 Ba6 36. Re7 $18) 34. Rxc7 Ba6 (34... Bd7 35. Bd6 {/\36.Rb7} Ra1+ 36. Kf2
Rb1 37. Nc5 $18) 35. Nc5 $1 (35. Nc5 Rc4 (35... Rxa3 36. Nxa6 $18) 36. Nxa6)
1-0

[Event "Dos Hermanas"]
[Site "Dos Hermanas"]
[Date "1997.04.09"]
[Round "7"]
[White "Kramnik, Vladimir"]
[Black "Short, Nigel D"]
[Result "1/2-1/2"]
[WhiteElo "2740"]
[BlackElo "2690"]
[Annotator "Huebner,R"]
[PlyCount "49"]
[EventDate "1997.04.01"]
[EventType "tourn"]
[EventRounds "9"]
[EventCountry "ESP"]
[EventCategory "19"]
[SourceTitle "CBM 059"]
[Source "ChessBase"]
[SourceDate "1997.08.01"]
[SourceVersion "1"]
[SourceVersionDate "1997.08.01"]
[SourceQuality "1"]

1. Nf3 {Huebner,R} d5 2. d4 Bf5 3. c4 e6 4. Nc3 c6 5. Qb3 Qb6 6. c5 Qc7 7. Bf4
Qc8 8. Nh4 Bg6 9. Nxg6 hxg6 10. e4 Nf6 11. Bd3 {Es ist mir nicht klar, warum
Weiß auf die erprobte Fortsetzung} (11. exd5 {verzichtet. Nach} Nxd5 (11...
exd5 12. O-O-O {sieht nicht befriedigend für Schwarz aus.}) 12. Nxd5 cxd5 13.
Bxb8 Qxb8 14. Bb5+ Kd8 15. g3 Be7 (15... Qc7 16. O-O b6 17. Rfe1 Be7 18. Re5
Rh5 19. Qf3 Bf6 20. Qxd5+ {1-0: Robatsch-Hertneck, Mannschaftsmeisterschaft
von Österreich 1994/95 (EXP 1995). Es erstaunt mich, daß Salov die Stellung
des Schwarzen für befriedigend hielt. Wohl verbessert er die Spielweise des
Schwarzen, doch ist die unsichere Stellung des schwarzen Königs eine Quelle
steter Gefahr. Weiß besitzt einen ebenso einfachen wie wirksamen Spielplan: er
rückt seine Damenflügelbauern vor. Für Schwarz ist kein Gegenspiel ersichtlich;
die Frage ist nur, ob er sich halten kann: eine unerfreuliche und
unbefriedigende Situation.}) 16. O-O Bf6 17. Rad1 Qc7 18. Rfe1 $16 {ist die
Stellung des Weißen auf jeden Fall bequemer als die des Schwarzen: Van Wely,
L-Salov,V, Amsterdam 1995 (CBM 49).}) 11... dxe4 12. Nxe4 Nxe4 13. Bxe4 Be7 14.
O-O-O Nd7 15. Kb1 Nf6 16. Bf3 Nd5 17. Be5 Bf6 18. Bd6 Be7 19. Be5 Bf6 20. Bd6
Be7 21. Bxd5 cxd5 22. Bxe7 Kxe7 23. Qe3 Qd7 24. Rc1 f6 25. f4 1/2-1/2

[Event "Novgorod"]
[Site "Novgorod"]
[Date "1997.06.12"]
[Round "2"]
[White "Bareev, Evgeny"]
[Black "Kramnik, Vladimir"]
[Result "1/2-1/2"]
[WhiteElo "2665"]
[BlackElo "2740"]
[Annotator "Tsesarsky,I"]
[PlyCount "45"]
[EventDate "1997.06.11"]
[EventType "tourn"]
[EventRounds "10"]
[EventCountry "RUS"]
[EventCategory "19"]
[SourceTitle "CBM 060"]
[Source "ChessBase"]
[SourceDate "1997.09.29"]
[SourceVersion "1"]
[SourceVersionDate "1997.09.29"]
[SourceQuality "1"]

1. d4 Nf6 2. c4 e6 3. Nc3 Bb4 4. Qc2 O-O 5. a3 Bxc3+ 6. Qxc3 b6 7. Bg5 Bb7 8.
f3 h6 9. Bh4 d5 10. e3 Nbd7 11. Nh3 c5 12. cxd5 cxd4 (12... Nxd5 13. Bxd8 Nxc3
14. Be7 Rfe8 15. Bh4 Nd5 16. Bb5 g5 17. Bf2 N5f6 18. dxc5 bxc5 19. O-O-O Re7
20. Bg3 a6 21. Bc4 Bc6 {Gurevich,M-Adams,M/Reykjavik tt/1990/} 22. Rd6 $16) 13.
Qxd4 e5 (13... Bxd5 14. e4 g5 $2 (14... e5 $1) 15. exd5 gxh4 16. dxe6 $16 {
1-0 Kahn,E-Koch,T/Budapest IM 1991 (21)}) 14. Qd1 {N} (14. Qd2 Bxd5 15. Nf2 (
15. Bb5 Be6 16. O-O Nc5 17. Qe2 a6 18. Rad1 Qc8 19. Bc4 b5 20. Bxe6 Qxe6 21.
Nf2 Rac8 22. Nd3 e4 23. Nxc5 Rxc5 24. Rd4 (24. Bxf6 Qxf6 25. fxe4 Qe6 $11)
24... exf3 25. gxf3 Nd5 $15 {0-1 Iashvili,A-Shipov,S/Belgrade IKO 1992 (50)}) (
15. b4 e4 16. Bb5 exf3 17. O-O fxg2 18. Rf4 Ne5 (18... Bb7 19. Rd4 Ne5 20. Rxd8
Nf3+ 21. Kf2 Ne4+ 22. Ke2 Nfxd2 23. Rxd2 Nc3+ 24. Kf2 Nxb5 $19) 19. Bxf6 gxf6
20. Qf2 (20. e4 Be6 21. Qxg2+ Kh7 $19) 20... Be6 $17 {0-1 Haila,A-Marttinen,P/
cr Finland 1995 (39)}) 15... Be6 16. Bb5 Nc5 17. Qe2 a6 18. Bc4 Bxc4 19. Qxc4
Qd5 20. Qxd5 Nxd5 $10 {Kramnik,V-Timoschenko,G/URS-chJ Kherson/1991/}) (14.
Bxf6 Nxf6 15. Qxe5 Nxd5 (15... Re8 16. Qd4 Qxd5 (16... Nxd5 17. e4 Rc8 18. Rd1
Qh4+ 19. g3 Qe7 20. Bg2 $14) 17. Be2 Rad8 18. Qxd5 Nxd5 19. e4 $16) 16. e4 Ne3
17. Qc3 Nxf1 18. Rxf1 Qh4+ (18... Rc8 19. Qe3 Qc7 20. Nf4 g5 21. Nh5 Qxh2 22.
Nf6+ Kg7 23. Qd4 Rfd8 24. Nd7+ Kh7 25. Qf6 Qh5 26. Qe5 $11) 19. Rf2 Bc8 20. Kf1
Bxh3 21. gxh3 Rac8 $17 {0-1 Gretarsson,H-Ovseevich,S/WchJM-U14 1991 (76)}) (14.
Qa4 Bxd5 15. Rd1 Qc7 16. Nf2 Qc5 17. Be2 Qxe3 18. Ng4 Qb3 19. Nxf6+ Nxf6 20.
Qa6 $17 {0-1 Kahn-Tangorn/Budapest, SW 1992 (23)}) 14... Bxd5 15. Bb5 (15. Nf2
Be6 16. Bd3 Nc5 17. Bc2 Rc8 (17... Qe7 18. O-O Rfd8 19. Qe2 Rac8 (19... Bb3 20.
Ng4 $14) 20. Rfd1 $14) (17... Qxd1+ 18. Rxd1 Bb3 19. Bxb3 Nxb3 20. Bxf6 gxf6
21. Rd3 (21. Ng4 Kg7 22. Rd6 Rfd8 $15) 21... Nc5 22. Rd6 Ne6 23. Ne4 Kg7 24.
Ke2 Rfc8 25. Rhd1 Rc2+ 26. R1d2 Rac8 27. g4 $14) 18. O-O Bc4 19. Re1 g5 (19...
Qxd1 20. Raxd1 Nd5 21. b4 Ne6 22. Ne4 g5 23. Bg3 Ba2 (23... f6 24. Nd6 Nc3 25.
Nxc8 Nxd1 26. Ne7+ Kf7 27. Nf5 $18) 24. Rd2 $16) 20. Bg3 Qe7 (20... Re8 21. Bf5
Qxd1 22. Raxd1 Rc6 23. b4 Ne6 24. Bxe5 $16 {1/2-1/2 Kiriakov,P-Onischuk,A/
URS-chJ Jurmala 1992 (64)}) 21. Bf5 Rc6 22. Rc1 Bb5 $11) 15... Be6 (15... Nc5
16. Bxf6 gxf6 17. O-O $14) 16. Nf2 (16. Bxd7 Qxd7 17. Bxf6 gxf6 $10) 16... Nc5
17. O-O (17. b4 Qxd1+ 18. Rxd1 a6 19. Be2 (19. bxc5 axb5 20. cxb6 Rfb8 21. Bxf6
gxf6 22. Ne4 Rxa3 23. Nxf6+ Kg7 24. Nd5 Bxd5 25. Rxd5 Rxb6 26. O-O Kf6 $15)
19... Na4 20. Bxf6 (20. Rd6 Nd5 21. Kd2 Rfc8 22. Ne4 Nac3 23. Nxc3 Nxc3 24. Bd3
Nb5 25. Rxb6 Nxa3 26. Rxa6 Rxa6 27. Bxa6 Rc2+ 28. Kd3 Rxg2 29. Bg3 Rb2 $11)
20... gxf6 21. Ne4 Kg7 $11 {Ftacnik,L 1/2-1/2 Mohr,S-Nagatz,F/Bad Lauterberg
1991 (44)}) (17. Qxd8 $5 Rfxd8 18. b4 a6 (18... Ncd7 19. Nd3 g5 20. Bg3 e4 21.
fxe4 Nxe4 22. Bc7 Re8 (22... Rdc8 23. Bc6 $1 $16) 23. Rc1 Rac8 24. O-O $14) 19.
Be2 Ncd7 (19... Na4 $2 20. Ne4 Nxe4 (20... g5 21. Nxf6+ Kg7 22. Nh5+ Kg6 23.
Bg3 Kxh5 24. Bxe5 $16) 21. Bxd8 Rxd8 22. fxe4 $16) 20. O-O-O (20. Rd1 a5 21.
Ne4 g5 22. Nxf6+ Nxf6 23. Bg3 Rxd1+ 24. Bxd1 axb4 25. axb4 Nd5 26. Bxe5 Nxb4
$11) 20... g5 21. Bg3 Nh5 22. Kb2 a5 (22... f5 23. Rd6 Kf7 24. Rhd1 (24. Nd3
Ke7 (24... f4 25. exf4 exf4 26. Bf2 Ke7 27. Rc6 Rac8 28. Rhc1 Rxc6 29. Rxc6
Nhf6 30. Bxb6 Nxb6 31. Rxb6 Bf5 32. Rb7+ Kf8 33. Kc3 Nd5+ 34. Kb3 Bxd3 35. Bxd3
Nxb4 36. Bc4 Nc6 37. Kc3 Na5 38. Rh7 Nxc4 39. Rh8+ Ke7 40. Rxd8 Kxd8 41. Kxc4
Kc7 42. Kc5 $18) 25. Rc6 a5 26. b5 (26. Be1 Nhf6 27. bxa5 bxa5 28. h4 Rab8+ $15
29. Kc2 Bb3+ 30. Kc1 Ba4 31. Rc4 Bb3 32. Rc3 Nd5 33. Rc6 Ba4 $17) 26... Nxg3
27. hxg3 Rh8 28. Rc7 Kd6 29. Rhc1 Bd5 $15) 24... Nxg3 (24... f4 25. exf4 exf4
$19) 25. hxg3 Ke7 26. e4 (26. Rc6 a5 27. Rdd6 Nf8 28. Rxd8 Rxd8 29. Bd3 Rd6 30.
Rxd6 Kxd6 31. e4 f4 32. gxf4 exf4 $11) 26... fxe4 27. Nxe4 a5 28. b5 (28. Bb5
axb4 29. axb4 Ra2+ $15) 28... Nc5 29. Rxd8 Na4+ 30. Kc2 (30. Ka1 Rxd8 31. Rh1
Nc5 32. Nxc5 bxc5 33. b6 (33. Rxh6 $1 Rd2 34. b6 Ra2+ 35. Kb1 Rxe2 36. Rxe6+
Kd7 (36... Kxe6 37. b7 Re1+ 38. Kc2 Re2+ 39. Kc3 Re3+ 40. Kc4 $18) 37. Re7+ $1
(37. b7 Kc7 38. Re7+ (38. Rb6) 38... Kb8 39. f4 gxf4 40. gxf4 Rxg2 41. fxe5 c4
42. e6 Re2 43. a4 c3 44. Kc1 Ka7 45. Kd1 Rd2+ 46. Kc1 (46. Ke1 Rd6) 46... Re2
$11) 37... Kc8 38. f4 gxf4 39. gxf4 Rxg2 40. fxe5 Re2 41. e6 c4 42. Rc7+ Kb8
43. e7 c3 44. Rd7 $18) 33... Rb8 34. Rxh6 Rxb6 35. Bc4 Rd6 36. Bxe6 Rxe6 $11)
30... Rxd8 31. Rxd8 (31. Rh1 Rh8) 31... Kxd8 $11) 23. b5 f5 24. Rd6 Kf7 25. f4
Nxg3 26. hxg3 Ke7 27. Rdd1 Rh8 28. g4 fxg4 29. Nxg4 gxf4 30. exf4 exf4 31. Nxh6
Nf6 $11) 17... Nb3 18. Qxd8 Raxd8 19. Rad1 Rxd1 20. Rxd1 Nd5 21. Ng4 (21. e4
Ne3 22. Rd3 Rc8 23. Rxe3 Rc1+ 24. Nd1 Rxd1+ 25. Re1 Rd2 26. Re2 Rd1+ 27. Re1 (
27. Kf2 Nd4) 27... Rd2 $11) 21... f6 22. Bc6 (22. Bc4 Nc7 23. Bxe6+ (23. Rd7
Bxc4 24. Rxc7 b5 25. Rxa7 h5 (25... Rd8 26. Rxg7+ $18) 26. Nxe5 fxe5 27. Re7
$17) 23... Nxe6 24. Rd6 (24. Rd7 h5 25. Nf2 g5 26. Re7 Nec5 $19) 24... Nec5 25.
f4 exf4 26. exf4 Re8 27. Kf1 $11 (27. Bxf6 h5)) 22... Nc7 23. Be1 1/2-1/2

[Event "Novgorod"]
[Site "Novgorod"]
[Date "1997.06.13"]
[Round "3"]
[White "Kramnik, Vladimir"]
[Black "Short, Nigel D"]
[Result "1-0"]
[WhiteElo "2740"]
[BlackElo "2690"]
[Annotator "Hecht,H"]
[PlyCount "116"]
[EventDate "1997.06.11"]
[EventType "tourn"]
[EventRounds "10"]
[EventCountry "RUS"]
[EventCategory "19"]
[SourceTitle "CBM 060"]
[Source "ChessBase"]
[SourceDate "1997.09.29"]
[SourceVersion "1"]
[SourceVersionDate "1997.09.29"]
[SourceQuality "1"]

1. Nf3 d5 2. d4 a6 3. Bg5 Bg4 4. e3 Nf6 5. c4 (5. Bxf6 {Fritz 5.00 (100s)} exf6
6. c4 dxc4 7. Bxc4 Nc6 8. O-O Bd6 9. Nbd2 O-O 10. a3 Qd7 11. Qc2 f5 12. Bd3 Ne7
13. b4 Rad8 14. Rfc1 g6 15. Ne1 c6 16. Bf1 Bb8 17. g3 g5 18. Nd3 Nd5 19. Nc5
Qc8 20. Re1 Rfe8 21. Nc4 Re7 22. Bg2 Rde8 23. Qd2 h6 24. f3 Bh5 25. e4 b5 26.
Na5 Nb6 27. Rac1 f4 28. g4 Bg6 29. Nd3 Re6 30. Qc2 Qd7 31. Qf2 Na4 32. Nb3 Rd6
33. Bf1 Rd8 34. Red1 Qe8 {Gelfand,B-Anand,V/Amsterdam VSB 1996/CBM 52/[Gelfand]
/1/2-1/2 (52)}) 5... dxc4 $146 (5... Bxf3 {Fritz 5.00 (100s)} 6. Qxf3 Ne4 7.
Bh4 c6 8. Bd3 Qa5+ 9. Kf1 Nf6 10. Bxf6 gxf6 11. Nc3 Qb4 12. Qe2 e6 13. g3 Nd7
14. Kg2 f5 15. Rac1 {Jailjan,M-Vorotnikov,V/URS-ch sf Aktjubinsk 1985/MCD-ch/
0-1 (40)}) 6. Bxc4 e6 7. Nc3 Be7 8. h3 Bh5 9. Bxf6 Bxf6 10. g4 Bg6 11. h4 h6
12. Bd3 Bxd3 13. Qxd3 Nd7 14. O-O-O Qe7 15. g5 hxg5 16. hxg5 Rxh1 17. Rxh1 Bxg5
18. Rh8+ Nf8 19. Rxf8+ Qxf8 (19... Kxf8 $142 20. Qh7 Qf6 (20... Qd8 21. Nxg5
Qxg5 22. Qh8+ Ke7 23. Qxa8 $18) 21. Nxg5 Qh6 22. f4 $14) 20. Nxg5 $16 O-O-O {
[#] Hecht Leichter weißer Materialvorteil - vorsichtiges Lavieren.  Fühlbare
Verbesserung der weißen Springerpositionen Mitte der 50-er Züge bei drei
schwarzen Bauernschwächen.} 21. f4 Qe7 22. Qh7 f6 23. Nge4 b6 24. a3 Kb8 25.
Kb1 Ka7 26. Nf2 Qd7 27. Qe4 Qd6 28. Qg2 Qd7 29. Na2 Rc8 30. Nb4 c5 31. dxc5
bxc5 32. Na2 Rb8 33. Qg4 Qd2 34. Nd1 Qd3+ 35. Kc1 Qc4+ 36. Nac3 g5 37. Qf3 gxf4
38. exf4 Rg8 39. Kc2 Rd8 40. Nf2 Qd4 41. Nd3 Kb6 42. Nc1 c4 43. Kb1 Kc7 44.
N3e2 Qd5 45. Qe3 Rd6 46. Qc3 e5 47. fxe5 fxe5 48. Ka1 Rf6 49. Qe1 Qe4 50. Ka2
Rb6 51. Qa5 Kb7 52. Qd2 Kc8 53. Nc3 Qd4 54. Qg5 Rc6 55. N1e2 Qc5 56. Ne4 Qb5
57. N2c3 Qb3+ 58. Kb1 Kb7 (58... Kb7 59. Qe7+ Kb8 (59... Kb6 60. Nd2 $18 {
[%csl Rb3]}) (59... Rc7 60. Nc5+ Kc6 61. Qxc7+ $18) (59... Ka8 60. Qe8+ Kb7 61.
Qd7+ $18) (59... Kc8 60. Qe8+ Kc7 61. Nd5+ $18) 60. Nc5 Qb6 61. Nd7+ $18) 1-0

[Event "Novgorod"]
[Site "Novgorod"]
[Date "1997.06.16"]
[Round "5"]
[White "Kramnik, Vladimir"]
[Black "Kasparov, Garry"]
[Result "1-0"]
[WhiteElo "2740"]
[BlackElo "2795"]
[Annotator "Huzman,A"]
[PlyCount "63"]
[EventDate "1997.06.11"]
[EventType "tourn"]
[EventRounds "10"]
[EventCountry "RUS"]
[EventCategory "19"]
[SourceTitle "CBM 060"]
[Source "ChessBase"]
[SourceDate "1997.09.29"]
[SourceVersion "1"]
[SourceVersionDate "1997.09.29"]
[SourceQuality "1"]

1. Nf3 Nf6 2. c4 g6 3. Nc3 Bg7 4. e4 d6 5. d4 O-O 6. Be2 e5 7. O-O Nc6 8. d5
Ne7 9. b4 Nh5 10. Re1 Nf4 11. Bf1 a5 12. bxa5 (12. Ba3 Bg4 13. bxa5 f5 14. c5
Rxa5 15. Bb4 Ra8 16. a4 Kh8 17. Ra3 dxc5 18. Bxc5 b6 19. Bxe7 Qxe7 20. Nb5 Rad8
21. Qc2 fxe4 22. Qxe4 Rxd5 $17 {0-1 Sorokin,M-Sutovskij,E/Villa Martelli 1997 
(37)}) 12... Rxa5 (12... c5 13. Rb1 Rxa5 14. Qb3 Ra6 15. g3 Nh5 16. Bg2 h6 $132
{[%cal Yf7f5] 0-1 Shariyazdanov,A-Bologan,V/RUS-Cup6 1997 (46)}) 13. Nd2 (13.
a4 c5 (13... f5 14. Nd2 fxe4 15. Ndxe4 Nf5 16. Nb5 Nd4 $2 17. Nxd4 exd4 18.
Bxf4 Rxf4 19. Qd2 $18 {1-0 Xu Jun-Sutovskij,E/Bad Homburg 1997 (34)}) 14. Ra3
$146 (14. Rb1 h6 15. Nd2 Ra6 16. Nb3 g5 17. a5 f5 18. g3 Nfg6 19. exf5 Nxf5 20.
Bd3 e4 21. Nxe4 Ne5 22. f4 gxf4 23. Bxf4 Nh4 {Sokolov,I-Glek,I/Hoogovens 1997/
CBM 57/[Huzman]/1/2-1/2 (40)}) 14... Ra6 15. Nb5 Bd7 16. Nd2 Nh5 17. g3 Nf6 18.
Bb2 Nc8 19. Qc2 Bh6 20. Nf3 Ne8 21. Nh4 Ng7 22. Bd3 $14 {1-0 Gofshtein,L-David,
A/Czerniak-mem Bikurei Haitim 1997 (41)}) 13... c5 (13... f5 14. a4 Kh8 15. g3
Nh5 16. Nb3 Ra8 17. a5 f4 18. Ra2 Ng8 19. c5 Ngf6 20. cxd6 cxd6 21. Na4 $14 {
[%cal Ga4b6] 1-0 Lobron,Eric-Ahn,Martin/Eupen/1996 (37)}) 14. a4 (14. Rb1 Kh8
15. g3 Nh5 16. Be2 Nf6 17. Nb3 Ra6 18. Bg5 Ne8 19. Nc1 f6 20. Bd2 f5 21. Rb3
fxe4 22. Nxe4 Nf5 23. Be3 Nd4 24. Bxd4 exd4 25. Bg4 $14 {0-1 Cmilyte,
V-Velikhanli,F/EU-chTW 1997 (52)}) 14... Ra6 (14... h6 15. Nb3 Ra6 16. a5 b6
17. Nb5 f5 18. g3 Nh5 19. Bd2 fxe4 20. axb6 Rxa1 21. Qxa1 Nf5 22. Bg2 Nf4 $1
$40 {0-1 Epishin,Vladimir-Pikula,Dejan/Biel 1996 (29)}) 15. Ra3 (15. Rb1 Kh8
16. g3 Nh5 17. Be2 Nf6 18. h4 h6 19. h5 gxh5 20. Bxh5 Nxh5 21. Qxh5 f5 22. Nf3
Qe8 23. Qxe8 Rxe8 24. Kg2 $14 {1-0 Savchenko,S-Relange,E/Cappelle la Grande op
1997 (38)}) 15... g5 $5 $146 (15... f5 16. g3 Nh5 17. exf5 Nxf5 $14 {[%csl Re4]
}) (15... Kh8 {Kramnik /\ Ne7-g8}) 16. g3 (16. Nb5 {K} Neg6 $132 {[%cal Yg5g4,
Yf7f5]}) 16... Nh3+ 17. Bxh3 Bxh3 18. Qh5 Qd7 $1 (18... g4 $2 19. Nf3 $1 {
[%cal Gf3g5]} f6 (19... gxf3 20. Qxh3 f5 21. Qh5 $16 (21. Re3 $16 {[%csl Rf3]})
) 20. Nh4 {[%csl Rh3]} (20. Kh1 $5 {[%csl Rh3][%cal Gf3g1]})) 19. Qxg5 (19. f3
$5 g4 20. Nd1 {[%cal Gd1f2]} f5 (20... gxf3 21. Nf2 Bg2 22. Nxf3 Bxf3 23. Rxf3
$40 {[%cal Gf2g4]} Rxa4 (23... f5 $140 24. Nh3 $1) 24. Ng4 f5 25. Nh6+ (25.
exf5 Rxc4 $1 $13 {[%cal Yc4g4,Yd7g4]} (25... Nxf5 26. Ref1 Rxc4 27. Bh6 $1 $18)
26. Ref1) 25... Bxh6 26. Bxh6 Rf7 27. Qg5+ Kh8 28. exf5 Rxc4 $132) 21. Nf2 (21.
Ne3 $2 gxf3 22. Qxh3 (22. Nxf3 fxe4 23. Ng5 Bf5) 22... f2+ $3 23. Kxf2 fxe4+
24. Kg2 Rf2+ $1 $17 {Kramnik}) 21... Rxa4 22. Rxa4 Qxa4 23. exf5 $1 (23. fxg4
Bxg4 24. Nxg4 fxg4 25. Qxg4 $14) 23... Rxf5 24. Qh4 Bf6 25. Qh6 $16 {[%csl Rh3]
[%cal Gh6d6]}) 19... h6 (19... f5 $5 20. f3 {[%csl Rh3][%cal Gg5h5]} f4 $44 21.
Nd1 $140 Rf6 {[%csl Rg5]}) 20. Qe3 f5 21. Qe2 $1 {[%cal Ga3h3]} (21. f3 f4 $44)
21... f4 (21... fxe4 22. Ndxe4 Nf5 23. Nb5 (23. Be3 $5) 23... Nd4 24. Nxd4 exd4
25. Qh5 $5 Bg4 26. Qh4 {Kramnik}) 22. Nb5 Kh7 (22... Ng6 23. Kh1 Kh7 24. Rg1
$16 {[%csl Ra6][%cal Gg1g7,Ga3h3]}) 23. gxf4 (23. Kh1 $5 Ng6 24. Rg1) 23...
exf4 (23... Rxf4 24. Rg3 Ng6 25. Kh1 {[%cal Ge1g1]} Rf7 26. Reg1 Nf4 27. Qd1
Bf6 28. Nf3 $16) 24. Kh1 Bg4 (24... Ng6 25. Rg1 {[%cal Ge2h5]} Ne5 26. Nf3 $1
$16 {[%cal Gf3e5]}) 25. Nf3 $1 (25. f3 Bh5 $44) 25... Ng6 26. Rg1 {[%cal Gf3g5]
} Bxf3+ $2 (26... Nh4 27. Ng5+ hxg5 28. Qxg4 Qxg4 29. Rxg4 $16 Kg6 $140 30. Nc7
Rb6 (30... Kh5 31. h3) 31. Ne6 $18) (26... Kh8 $1 27. Nc7 $1 (27. Bb2 Rg8 (
27... Bxb2 28. Qxb2+ Kh7 29. Nd2 (29. Nxd6 $2 Rxd6 30. e5 Bxf3+ 31. Rxf3 Qg7)
29... Ne5) (27... Nh4 28. Nxh4 Bxe2 29. Rxg7 Qxg7 30. Bxg7+ (30. Ng6+ Kh7 31.
Bxg7 Rf7) 30... Kxg7 31. Nc7 Bxc4) 28. Nc7 Rb6 $44) (27. Qc2 $5 Re8 28. Nd2 (
28. Ne1 $5)) 27... Rb6 $1 28. Ne6 Bxe6 29. Rxg6 Bg4 30. Qc2 $14 {[%cal Gf3h4]})
27. Qxf3 Ne5 28. Qh5 Qf7 (28... Nxc4 29. Qg6+ Kg8 30. Rh3 $1 $18) 29. Qh3 {
[%cal Gc1b2]} (29. Rh3 $5 Nxc4 (29... Qxh5 30. Rxh5 Nxc4 31. Nc7 Rxa4 32. Ne6
Rg8 33. Bxf4 $16) 30. Nc7 $1 $16) 29... Nxc4 30. Rf3 Be5 (30... Qe7 31. Qe6 $1
Qxe6 32. dxe6 Rxa4 33. Nc7 $1 Bf6 34. Rxf4 $18 {[%cal Gf4f6]}) 31. Nc7 $1 Rxa4
(31... Qxc7 32. Qxh6+ Kxh6 33. Rh3#) 32. Bxf4 $1 (32. Ne6 Rg8 33. Ng5+ Rxg5 34.
Rxg5 Ra1 35. Rg1 {[%cal Gh3e6]} b5 36. Qe6 Qxe6 37. dxe6 b4 38. Bxf4 $18) (32.
Bxf4 Bxf4 33. Ne6 Rg8 34. Rxg8 Qxg8 (34... Kxg8 35. Rxf4 $18) 35. Qf5+ Kh8 36.
Qf6+ Kh7 37. Nf8+ $18) 1-0